Le tusculane : Libro primo, con introduzione e commento di Marco Galdi. Terza edizione

Gespeichert in:
Bibliographische Detailangaben
1. Verfasser: Cicero, Marcus Tullius.
Weitere Verfasser: Cicero, Marcus Tullius Galdi, Marco.
Format: Buch
Sprache:Italienisch
Erschienen: Roma Albrighi 1933
Katalog:EDISCO:  Suchergebnis im Bibliothekskatalog
Schulbuchspezifische Eigenschaften:
Tags: Tag hinzufügen
Keine Tags, Fügen Sie den ersten Tag hinzu!
Hinzugefügt zu:30.04.2016
Geändert in:04.10.2017

MARC

LEADER 00000aam a22000007 4500
001 19565
003 OSt
005 20171004090322.0
008 160501s1933 it 000 0 ita
040 |c Paola Zonca - Torino - SBN 
041 1 |a ita 
100 1 |a Cicero, Marcus Tullius. 
245 0 0 |a Le tusculane : Libro primo, con introduzione e commento di Marco Galdi. Terza edizione 
260 |a Roma  |b Albrighi  |c 1933 
300 |a 16 fig. p., ;  
510 3 |a L. 3.50. 
901 |a 7 
700 1 |a Cicero, Marcus Tullius  |a Galdi, Marco. 
942 |2 ddc  |c BK 
546 |a ita 
999 |c 19554  |d 19554 
999 |c edisco:19554  |d 19554